|
|
|
|
| LEADER |
01694nam a2200469 i 4500 |
| 001 |
nkc20182972356 |
| 003 |
CZ PrNK |
| 005 |
20180301094439.0 |
| 007 |
ta |
| 008 |
180126s2018 xr a b 000 j cze |
| 015 |
|
|
|a cnb002972356
|
| 020 |
|
|
|a 978-80-7529-440-1
|q (vázáno)
|
| 035 |
|
|
|a (OCoLC)1031045802
|
| 040 |
|
|
|a OLA001
|b cze
|e rda
|
| 041 |
1 |
|
|a cze
|h slo
|
| 072 |
|
7 |
|a 821.162.4
|x Slovenská literatura
|2 Konspekt
|9 25
|
| 072 |
|
7 |
|a 821-93
|x Literatura pro děti a mládež (beletrie)
|2 Konspekt
|9 26
|
| 080 |
|
|
|a 821.162.4-32
|2 MRF
|
| 080 |
|
|
|a 821-93
|2 MRF
|
| 080 |
|
|
|a (0:82-32)
|2 MRF
|
| 100 |
1 |
|
|a Futová, Gabriela,
|d 1971-
|7 xx0086133
|4 aut
|
| 245 |
1 |
0 |
|a Panejo a strašidelná škola Elvíry Moudré /
|c Gabriela Futová ; ilustrovala Marcela Kupčíková ; ze slovenského originálu přeložil Jan Hanzlík
|
| 264 |
|
1 |
|a [Praha] :
|b Slovart, s.r.o.,
|c 2018
|
| 300 |
|
|
|a 134 stran :
|b ilustrace (převážně barevné) ;
|c 24 cm
|
| 336 |
|
|
|a text
|b txt
|2 rdacontent
|
| 336 |
|
|
|a statický obraz
|b sti
|2 rdacontent
|
| 337 |
|
|
|a bez média
|b n
|2 rdamedia
|
| 338 |
|
|
|a svazek
|b nc
|2 rdacarrier
|
| 490 |
1 |
|
|a Brio
|
| 521 |
8 |
|
|a Pro děti od 6 let
|
| 655 |
|
7 |
|a slovenské příběhy
|7 fd183398
|2 czenas
|
| 655 |
|
7 |
|a publikace pro děti
|7 fd133156
|2 czenas
|
| 655 |
|
9 |
|a Slovak stories
|2 eczenas
|
| 655 |
|
9 |
|a children's literature
|2 eczenas
|
| 700 |
1 |
|
|a Kupčíková, Marcela,
|d 1979-
|7 ola2018980201
|4 ill
|
| 700 |
1 |
|
|a Hanzlík, Jan
|7 xx0083133
|4 trl
|
| 830 |
|
0 |
|a Brio
|0 s
|
| 910 |
2 |
|
|a BOA001
|b 2-1401.591
|
| 990 |
|
|
|a BK
|
| 995 |
|
|
|a 01
|
| 991 |
|
|
|b 201802
|c NOV
|
| 996 |
6 |
|
|b 2610732547
|c 2-1401.591
|l MZK
|r Sklad / do 1 hodiny
|n 0
|p p.v.
|w 001649866
|u 000010
|a 1
|e BOA001
|j MZK50
|s P
|